000 00609nam a2200229Ia 4500
003 OSt
005 20220928121450.0
006 a|||||r|||| 00| 0
007 ta
008 220927b |||||||| |||| 00| 0 eng d
024 _a58374
037 _cTextual
040 _aSDCL
_cSDCL
_beng
041 _2eng
_aeng
082 _aV58,934'N8, M4
100 _aSuvorov Viktor
_9452720
245 0 _aSoviet military intelligence.
260 _aLondon
_bHamish Hamilton
_c1984
300 _axiii,193p.
_ccm.
942 _hV58,934'N8, M4
_cTEXL
_2CC
999 _c766668
_d766668